Quiz EUROPE ET ASIE - Statistiques

Statistiques générales
  • Ce quiz a été pris 112 fois
  • Le résultat moyen est 82 sur 93
Réponses sur la Carte
Les réponses sont colorées sur une échelle allant du rouge au vert en fonction du pourcentage des utilisateurs qui les ont devinées à leur premier essai. Vous pouvez retrouver ces pourcentages ci-dessous.
 
Statistiques - réponses
Réponse % Correct
Chine
99%
Belgique
99%
Danemark
99%
Russie
99%
France
99%
Inde
99%
Allemagne
97%
Espagne
97%
Italie
97%
Pays-bas
97%
Royaume-uni
97%
portugal
97%
Suisse
97%
Bielorussie
96%
Irlande
96%
Islande
96%
Lituanie
96%
Pologne
96%
Suède
96%
Indonésie
96%
Norvège
96%
Coree du nord
95%
Coree du sud
95%
Estonie
95%
Japon
95%
Turquie
95%
Autriche
93%
Croatie
93%
Grèce
93%
Lettonie
93%
Ukraine
93%
Arabie saoudite
92%
Finlande
92%
Mongolie
92%
Roumanie
92%
Luxembourg
92%
Slovenie
92%
Albanie
90%
Chypre
90%
Hongrie
90%
Slovaquie
90%
Iran
90%
Kosovo
90%
Vietnam
90%
Afghanistan
89%
République tchèque
89%
Turkmenistan
89%
Bosnie-herzégovine
88%
Andorre
88%
Ouzbekistan
88%
Arménie
86%
Emirats arabes unis
86%
Macédoïne du nord
86%
Malaisie
86%
Serbie
86%
Syrie
86%
Monténégro
86%
Pakistan
86%
Yemen
86%
Cambodge
85%
Jordanie
85%
Israel
85%
Nepal
85%
Oman
85%
philippines
85%
Vatican
85%
Moldavie
84%
Georgie
84%
kazakhstan
84%
Laos
84%
Monaco
84%
Bangladesh
82%
Liban
82%
Saint-Marin
82%
Sri lanka
82%
Taiwan
82%
Bulgarie
81%
Tadjikistan
81%
Thailande
81%
Liechtenstein
81%
Qatar
81%
Azerbaïdjan
79%
Bhoutan
79%
Birmanie
77%
kirghizistan
75%
Bahrein
74%
Koweit
74%
Maldives
74%
Singapour
73%
Bruneï
68%
Malte
67%
Timor oriental
63%
Iraq
58%
Aucun quiz correspondant
Distribution des résultats
% des personnes avec chaque résultat
Percentile par nombre de réponses
Votre historique - résultats
Vous n’avez pas pris ce quiz